000 01104 a2200325 4500
999 _c11398
_d11398
020 _a9781264267088
050 0 0 _aQR 46
_bLEV 2024
100 _aLevinson, Warren
_eauthor
245 0 0 _aReview of Medical Microbiology and Immunology :
_cWarren Levinson,Peter Chin- Hong, Elizabeth A. Joyce, Jesse Nussbaum and Brian Schwartz
_bA guide to clinical Infectious Diseases /
250 _aSeventeenth edition
264 _aNew York:
_bMcGrawHill,
_c2024
300 _a836 pages
_billustrations ;
336 _atext
_btxt
_2rdacontent
337 _aunmediated
_bn
_2rdamedia
338 _avolume
_bnc
_2rdacarrier
500 _a"A Lange medical book."
650 0 _aMedical microbiology
650 0 _aImmunology
650 2 _aAllergy and Immunology.
650 2 _aImmunity.
650 2 _aMicrobiology.
650 7 _aImmunology.
650 7 _aMedical microbiology.
700 _aHong Peter Chin
_eauthor
700 _aJoyce Elizabeth A
_eauthor
700 _aNussbaum Jesse
_eauthor
700 _aSchwartz Brian
_eauthor
942 _2lcc
_cBK
_eseventeenth
_h46
_iHON
_kQR